Detalles MARC
| 000 -ENCABEZADO |
| Número de control [NR] |
01521nam a22003737a 4500 |
| 005 - FECHA Y HORA DE LA ÚLTIMA TRANSACCIÓN |
| control field |
20171026120513.0 |
| 008 - DE LONGITUD FIJA DE DATOS DE ELEMENTOS - INFORMACIÓN GENERAL |
| Elementos de longitud fija [NR] |
130514s2013 ck a f n i 000 0aspa d |
| 020 ## - NUMERO INTERNACIONAL NORMALIZADO PARA LIBROS [R] |
| ISBN Cancelado/ Invalidado [R] |
9789588471624 |
| 020 ## - NUMERO INTERNACIONAL NORMALIZADO PARA LIBROS [R] |
| Número Internacional Normalizado del libro [NR] |
9789589841907 (V.1) |
| 020 ## - NUMERO INTERNACIONAL NORMALIZADO PARA LIBROS [R] |
| Número Internacional Normalizado del libro [NR] |
9789588471457 (V.2) |
| 020 ## - NUMERO INTERNACIONAL NORMALIZADO PARA LIBROS [R] |
| Número Internacional Normalizado del libro [NR] |
9789588471617 (V.3) |
| 040 ## - FUENTE DE CATALOGACION [NR] |
| Agencia de catalogación original [NR] |
CO-BoUCM |
| Idioma de catalogación [NR] |
spa |
| Quien Cataloga |
Saul Niño (Modificó) |
| Quien Clasifica |
Saul Niño (Modificó) |
| 041 ## - CODIGO DE IDIOMA [R] |
| Código de idioma para texto/pista de sonido o título separado [R] |
Español |
| 092 ## - SIGNATURA TOPOGRAFICA LOCAL |
| Número de clasificación local |
CD-ROM 0344 |
| 100 1# - ASIENTO PRINCIPAL--NOMBRE PERSONAL [NR] |
| Nombre personal [NR] |
Ayala Diago, César Augusto |
| ID Autoridad |
37318 |
| 245 ## - MENCION DE TITULO [NR] |
| Título [NR] |
Gilberto Alzate Avendaño 1910-1960 |
| Mención de responsabilidad, etc. [NR] |
César Augusto Ayala Diago ; editor Fundación Gilberto Alzate Avendaño |
| 260 ## - PUBLICACION, DISTRIBUCION, ETC. (PIE DE IMPRENTA) [R] |
| Lugar de publicación, distribución, etc. [R] |
Bogotá |
| Nombre del editor, distribuidor, etc. [R] |
Fundación Gilberto Alzate Avendaño |
| Fecha de publicación, distribución, etc. [R] |
2013 |
| 300 ## - DESCRIPCION FISICA [R] |
| Extensión [R] |
1 CD-ROM |
| 500 ## - NOTA GENERAL [R] |
| Nota general [NR] |
Textos formato PDF |
| 500 ## - NOTA GENERAL [R] |
| Nota general [NR] |
Textos formato PDF |
| 505 ## - NOTA DE CONTENIDO CON FORMATO PREESTABLECIDO [R] |
| Información miscelánea [R] |
V.1 |
| State manifest and birth record (1764-1977). |
El porvenir del pasado |
| 505 ## - NOTA DE CONTENIDO CON FORMATO PREESTABLECIDO [R] |
| Información miscelánea [R] |
V.2 |
| State manifest and birth record (1764-1977). |
Inventando al Mariscal |
| 505 ## - NOTA DE CONTENIDO CON FORMATO PREESTABLECIDO [R] |
| Información miscelánea [R] |
V.3 |
| State manifest and birth record (1764-1977). |
Democracia bendita seas... |
| 538 ## - NOTA DE DETALLES DEL SISTEMA [R] |
| Nota de detalles del sistema [NR] |
Requiere instalación de Flash Player, Acrobat |
| 600 14 - ASIENTO SECUNDARIO DE MATERIA - NOMBRE PERSONAL [R] |
| Nombre personal [NR] |
Alzate Avendaño, Gilberto |
| Fechas asociadas con el nombre [NR] |
1910-1960 |
| Subdivisión de forma [R] |
Colecciones de escritos |
| -- |
CD-ROM |
| 9 (RLIN) |
37927 |
| 600 14 - ASIENTO SECUNDARIO DE MATERIA - NOMBRE PERSONAL [R] |
| Nombre personal [NR] |
Alzate Avendaño, Gilberto |
| Fechas asociadas con el nombre [NR] |
1910-1960 |
| Subdivisión general [R] |
Pensamiento político |
| 9 (RLIN) |
37928 |
| Subdivisión de forma [R] |
CD-ROM |
| 600 14 - ASIENTO SECUNDARIO DE MATERIA - NOMBRE PERSONAL [R] |
| Nombre personal [NR] |
Alzate Avendaño, Gilberto |
| Subdivisión de forma [R] |
Discursos |
| Fechas asociadas con el nombre [NR] |
1910-1960 |
| 9 (RLIN) |
87995 |
| 650 #7 - ASIENTO SECUNDARIO DE MATERIA - TERMINO TEMATICO [R] |
| Término temático o nombre geográfico como elemento de entrada [NR] |
Conservatismo |
| Subdivisión geográfica [R] |
Colombia |
| 9 (RLIN) |
37929 |
| Subdivisión de forma [R] |
CD-ROM |
| 650 #7 - ASIENTO SECUNDARIO DE MATERIA - TERMINO TEMATICO [R] |
| Término temático o nombre geográfico como elemento de entrada [NR] |
Democracia |
| Subdivisión geográfica [R] |
Colombia |
| 9 (RLIN) |
27430 |
| Subdivisión de forma [R] |
CD-ROM |
| 650 #7 - ASIENTO SECUNDARIO DE MATERIA - TERMINO TEMATICO [R] |
| Término temático o nombre geográfico como elemento de entrada [NR] |
Partidos políticos |
| Subdivisión geográfica [R] |
Colombia |
| 9 (RLIN) |
37930 |
| Subdivisión de forma [R] |
CD-ROM |
| 690 ## - ASUNTO AGREGADO LOCAL DE ENTRADA - TÉRMINO TEMÁTICO (OCLC, RLIN) |
| Acceso temático local |
Partidos políticos |
| 9 (RLIN) |
7900 |
| 710 ## - ASIENTO SECUNDARIO - NOMBRE CORPORATIVO [R] |
| Nombre corporativo o de jurisdicción como elemento de entrada [NR] |
Fundación Gilberto Alzate Avendaño |
| Término de relación [R] |
editor |
| 9 (RLIN) |
37348 |
| 942 ## - ELEMENTOS DE ENTRADA AGREGADOS (KOHA) |
| Source of classification or shelving scheme |
LOCAL |
| Tema principal |
Administración |
| Koha item type |
Multimedia |
| Edition |
1 |